00473cas a2200145 4500008004100000020001500041035001200056100002200068245008500090250001200175260005200187300002000239440002500259650004300284070111s2000 mx 000 0 spa u a9709056883 aa4584391 aLevaggi, Abelardo10aOrganizaciones Internacionales y Derecho de los Indígenas /cAbelardo Lavaggi. a1a. ed. aMorelia, Michoacán, México :bUMSNH, c2000 a64 p. ;c21 cm. 0aConferencias ;vno.1 4aDerechos de los indígenas zMéxico